Memoria tecnica 1975/,

Guardado en:
Autor Principal: Inta. Argentina
Formato: Libro
Publicado: Buenos Aires : , 1980
Materias:
Etiquetas: Agregar Etiqueta
Sin Etiquetas, Sea el primero en etiquetar este registro!
LEADER 00433nam a22001695a 4500
001 CEM.cems015680
005 20100805180745.0
008 130507s1980##################000#0#####d
003 CEMS
082 0 4 |a 630.72 
100 1 |a Inta. Argentina 
245 1 0 |a Memoria tecnica 1975/, 
260 |a Buenos Aires :  |b ,  |c 1980 
300 |a 229 p. 
653 |a Ganadería 
653 |a Inta 
859 |a CEMS  |b BIB. CEMS - Agricultura  |h 630.72  |i Ar37  |p A9677.81  |t Ej.1